Größte Metropolregionen Asiens - Statistiken

Allgemein
  • Dieses Quiz wurde 42 mal gespielt
  • Das Durchschnittsergebnis liegt bei 29 aus 50
Antwortstatistiken
Einwohner Antwort % Korrekt
35.000.000 Delhi
100%
38.000.000 Jabodetabek
100%
42.000.000 Kantō
100%
21.900.000 Peking
100%
39.000.000 Jangtse-Delta-Kernregion
97%
25.000.000 Mumbai
97%
9.200.000 Greater Hanoi
93%
17.900.000 Keilhanshin
90%
87.000.000 Perlflussdelta
90%
16.200.000 Bangkok
87%
29.000.000 Großraum Manila
87%
27.700.000 Sudogwan
87%
15.900.000 Teheran
83%
8.500.000 Singapur-Johor Bahru
80%
17.000.000 Kalkutta
77%
9.500.000 Kuala Lumpur
77%
11.800.000 Bagdad
73%
26.500.000 Dhaka
73%
10.400.000 Greater Taipeh
73%
11.100.000 Ho-Chi-Minh-City
73%
12.300.000 Wuhan
73%
10.000.000 Hyderabad
67%
13.400.000 Xi’An
63%
10.500.000 Ahmedabad-Vadodara
60%
8.600.000 Chennai
60%
19.300.000 Chongqing
60%
32.000.000 Karatschi
60%
18.000.000 Nordost-Punjab
60%
13.000.000 Tianjin
60%
13.600.000 Chengdu
57%
11.400.000 Bangalore
53%
12.100.000 Nagoya-Hamamatsu
50%
12.900.000 Busan-Daegu
47%
21.700.000 Greater Xiamen
47%
9.900.000 Harbin
43%
9.400.000 Nanjing
43%
11.900.000 Hangzhou
37%
19.600.000 Shenyang-Anshan
37%
9.000.000 Qingdao
33%
12.600.000 Zhengzhou
23%
23.700.000 Suzhou-Wuxi-Changzhou
20%
9.100.000 Changchun
17%
15.400.000 Chaoshan Metropolitan Region
17%
9.600.000 Wenzhou
13%
14.500.000 Kerala Coastal Urban Belt
10%
8.700.000 Nanning
10%
11.200.000 Shijiazhuang
7%
11.000.000 Linyi Metropolitan Area
3%
9.300.000 Ningbo
3%
17.600.000 Zhenjiang-Taizhou
0%
Keine übereinstimmenden Quizze gefunden
Verteilung der Resultate
Anzahl Personen mit jedem Resultat
Perzentil nach korrekt beantworteten Fragen
Ihre Resultats-Entwicklung
Sie haben dieses Quiz noch nicht gespielt